[Event "GER-chT U18 Girls"]
[Site "Germany"]
[Date "2012.05.05"]
[Round "4.3"]
[White "Kuenstler, Tabea"]
[Black "Schneider, Jana"]
[Result "0-1"]
[WhiteElo "1357"]
[BlackElo "1537"]
[PlyCount "64"]
[EventDate "2012.05.04"]
[EventType "team-swiss"]
[EventRounds "7"]
[EventCountry "GER"]
[SourceTitle "EXT 2014"]
[Source "ChessBase"]
[SourceDate "2013.11.20"]
[SourceVersion "1"]
[SourceVersionDate "2013.11.20"]
[SourceQuality "1"]
[WhiteTeam "Aschaffenburg FDG (W)"]
[BlackTeam "Karlstadt JSG (W)"]
[WhiteTeamCountry "GER"]
[BlackTeamCountry "GER"]

1. c4 e5 2. Nc3 Nc6 3. g3 f5 4. Bg2 Nf6 5. Nf3 d6 6. 0-0 Be6 7. d3 g6 8. Rb1 Bg7 9. Bd2 h6 10. b4 g5 11. Bxg5 hxg5 12. Nxg5 Bd7 13. e3 Ng4 14. Nh3 Be6 15. Nd5 Qd7 16. Qe2 0-0-0 17. f4 Nf6 18. Qf3 e4 19. Qe2 Nxd5 20. cxd5 Bxd5 21. d4 Qe6 22. Ng5 Qg8 23. Qd2 Bc4 24. Rf2 Re8 25. b5 Nxd4 26. Qa5 Kb8 27. a4 Nb3 28. Qe1 Bf6 29. h4 d5 30. Qd1 d4 31. Rfb2 dxe3 32. Rxb3 e2 0-1